Loading...
Theranhedutha kavithakal (V T Kumaran)
| Main Author: | |
|---|---|
| Format: | Printed Book |
| Published: |
Thrissur, Kerala Sahithya Akademi Ke
2010
|
| Subjects: |
| LEADER | 005830000a22001930004500 | ||
|---|---|---|---|
| 020 | |a 978-81-7690-128-4 | ||
| 040 | |a MAL | ||
| 082 | |a A1 KUM3/T Q0 | ||
| 100 | |a Kumaran, V T; Author | ||
| 245 | |a Theranhedutha kavithakal (V T Kumaran) | ||
| 250 | |||
| 260 | |a Thrissur, Kerala Sahithya Akademi Ke | ||
| 260 | |c 2010 | ||
| 460 | |a 208p | ||
| 465 | |a Rs.130.00 | ||
| 500 | |a V T Kumaran | ||
| 650 | |a Malayalam poetry | ||
| 999 | |c 46204 |d 46204 | ||
| 952 | |0 0 |1 0 |4 0 |6 A_000000000000000_1_KUM3T_Q0 |7 0 |8 MAL |9 46930 |a MGUL |b MGUL |d 2013-07-16 |e Rs.130.00 |l 0 |o A1 KUM3/T Q0 |p 44505 |r 2013-07-16 |w 2013-07-16 |y BK | ||